| 000 | 00718nam a2200181Ia 4500 | ||
|---|---|---|---|
| 008 | 100920s9999 xx 000 0 und d | ||
| 082 |
_b62338 _a28 व 891,43 थ 84 |
||
| 100 | _aप्रभाकर विष्णु. | ||
| 245 | _aसरल पंचतंत्र.( खण्ड 2 ). | ||
| 260 |
_bसूचना और प्रसारण मन्त्रालय, भारत सरकार. _c1984 |
||
| 300 |
_a87 _bसाधी |
||
| 365 | _b10 | ||
| 520 | _aबा.वि.हिंदी. | ||
| 630 | _aसरल पंचतंत्र.( खण्ड 2 ). | ||
| 650 | _aबा.वि.हिंदी. | ||
| 730 | _aसरल पंचतंत्र.( खण्ड 2 ). | ||
| 942 | _cBOOK | ||
| 999 |
_c705473 _d705470 |
||